| 000 | 00920cam a22002894a 4500 | ||
|---|---|---|---|
| 005 | 20260322212013.0 | ||
| 008 | data | ||
| 010 | _a 99053785 | ||
| 020 | _a0688176429 | ||
| 020 | _a9780688176426 | ||
| 040 |
_aDLC _cDLC _dDLC |
||
| 042 | _apcc | ||
| 050 | 0 | 0 |
_aRC672 _b.M4 2000 |
| 082 | 0 | 0 |
_a616.1/2 _221 |
| 092 | _a616.1 M4 2000 | ||
| 245 | 0 | 0 |
_aMayo Clinic heart book : _bthe ultimate guide to heart health / _cedited by Bernard J. Gersh. |
| 250 | _a2nd ed. | ||
| 260 |
_aNew York : _bW. Morrow, _cc2000. |
||
| 300 |
_aviii, 406 p. : _bill. (some col.) ; _c26 cm. |
||
| 500 | _a"Completely revised and updated"--Cover. | ||
| 504 | _aIncludes bibliographical references and index. | ||
| 650 | 0 |
_aHeart _xDiseases _vPopular works. |
|
| 650 | 0 |
_aCardiology _vPopular works. |
|
| 700 | 1 | _aGersh, Bernard J. | |
| 856 | 4 | 2 |
_3Publisher description _uhttp://www.loc.gov/catdir/description/hc042/99053785.html |
| 001 | data | ||
| 999 |
_c266 _d266 |
||